000 00294nam a22001337a 4500
008 260325b ||||| |||| 00| 0 eng d
020 _a9789951059329
041 _aShqip
080 _a821.133
100 _a25
101 _aNgjarje
245 _aDy vjet Pushime
_cZhyl Vern
942 _2udc
_cBK
999 _c60934
_d60934